1857 1164 1291 1591 1021 1311 1048 1490 1738 1314 1362 1365 1893 1098 1678 1676 1958 1691 1664 1886 1729 1807 1259 1176 1827 1908 1206 1928 1340 1290 1950 1552 1807 1156 1526 1156 1238 1032 1260 1495 1700 1275 1676 1006 1228 1033 1263 1085 1829 1540 1282 1610 1659 1018 1852 1004 1916 1458 1482 1607 1761 1889 1226 1094 1214 1410 1330 1017 1662 1907 1550 1065 1191 1056 1988 1383 1304 1774 1244 1586 1501 1956 1016 1820 1009 1192 1638 1024 1781 1503 1745 1518 1158 1580 1158 1862 1163 1490 1789 BCNSPRNW ULIB Ver.6.0+V

เปลี่ยนเป็นภาษาไทย

Change to English
 แสดงรายละเอียดบรรณานุกรม
  กลับหน้าหลัก

Brief Record : Get Marc (ISO 2709) : E-mail record : QR code < ปิดหน้าต่าง
LEADER : 00000nam 2200000uu 4500
001    13399112253
003     ULIB
008    110209s2544||||th 000 0 tha d
020    9742937915 (ล.3)
060 04 WY157^bศ178ก ล.3 2544
245 00 การพยาบาลสูติศาสตร์ เล่ม 3 /^cศรีเกียรติ อนันต์สวัสดิ์,บรรณาธิการ
250    พิมพ์ครั้งที่ 1
260    นนทบุรี :^bโครงการสวัสดิการวิชาการ สถาบันพระบรมราชชนกกระทรวงสาธารณสุข,^c2544
300    [13], 661 หน้า :^bภาพประกอบ ;^c26 ซม.
650  7 การพยาบาลสูติศาสตร์
700 0  ศรีเกียรติ อนันต์สวัสดิ์,^eบรรณาธิการ
710 2  กระทรวงสาธารณสุข
710 2  สถาบันพระบรมราชชนก. ^bโครงการสวัสดิการวิชาการ
945    ^p270^l0^i027549
995    ทศพร
999 ^a ใช้งานได้ทุกระบบ
รายการนี้ยังไม่มีแท็ก
คุณยังไม่ได้ล็อกอิน คุณสามารถมีกิจกรรมร่วมกับเว็บไซต์ได้ แต่ต้องล็อกอินก่อน ::
  ล็อกอิน

รายการสื่อสารสนเทศ

ลำดับที่ ประเภท เลขเรียก/บาร์โค้ด สถานที่ สถานะ
- ไม่พบข้อมูล -

รายการใกล้เคียง
    หัวเรื่อง [การพยาบาลสูติศาสตร์]

BibComment


ยังไม่เคยถูกคอมเมนท์

คอมเมนท์ทรัพยากรรายการนี้
  คอมเมนท์: การพยาบาลสูติศาสต..


 Copyright 2026. Bcnsprnw @Library